| 000 | 00719nam a2200229Ia 4500 | ||
|---|---|---|---|
| 003 | OSt | ||
| 005 | 20220927105026.0 | ||
| 006 | a|||||r|||| 00| 0 | ||
| 007 | ta | ||
| 008 | 220926b |||||||| |||| 00| 0 eng d | ||
| 024 | _a187307 | ||
| 037 | _cReference Collections | ||
| 040 |
_aRTL _cRTL _beng |
||
| 041 |
_2eng _aeng |
||
| 082 | _a"X9(J451).2.N45r, J4" | ||
| 110 |
_a"KATALGURI TEA COMPANY LTD., JALPAIGURI" _9369610 |
||
| 245 | 0 | _a"Annual report,1954" | |
| 260 |
_aJalpaiguri(West _bBengal) Katalguri Tea Company _c1954 |
||
| 700 |
_a"KATALGURI TEA COMPANY LTD., JALPAIGURI" _9369611 |
||
| 942 |
_h"X9(J451).2.N45r, J4" _cCC |
||
| 999 |
_c690316 _d690316 |
||